Todas as cidades do Sudeste com mais de 100.000 habitantes - Statistics

Estatísticas Gerais
  • Esse quiz foi jogado 511 vezes
  • A pontuação média é 87 de 154
Respostas no mapa
Respostas codificadas por cores de uma escala verde-vermelha no mapa do quiz de acordo com a % correta abaixo.
 
Estatísticas das Respostas
Estado População Cidade % Correto
Rio de Janeiro 6.747.815 Rio de Janeiro
97%
São Paulo 12.325.232 São Paulo
97%
Minas Gerais 2.521.564 Belo Horizonte
94%
Minas Gerais 699.097 Uberlândia
91%
São Paulo 1.392.121 Guarulhos
90%
Espírito Santo 365.855 Vitória
90%
São Paulo 1.213.792 Campinas
88%
Rio de Janeiro 515.317 Niterói
87%
São Paulo 711.825 Ribeirão Preto
86%
São Paulo 433.656 Santos
84%
Rio de Janeiro 511.168 Campos dos Goytacazes
83%
São Paulo 699.944 Osasco
83%
Minas Gerais 573.285 Juiz de Fora
82%
Minas Gerais 337.092 Uberaba
82%
Rio de Janeiro 924.624 Duque de Caxias
81%
São Paulo 729.737 São José dos Campos
81%
Rio de Janeiro 823.302 Nova Iguaçu
79%
São Paulo 844.483 São Bernardo do Campo
78%
Rio de Janeiro 1.091.737 São Gonçalo
78%
São Paulo 721.368 Santo André
77%
São Paulo 379.297 Bauru
76%
São Paulo 175.568 Itu
76%
São Paulo 423.006 Jundiaí
76%
Rio de Janeiro 306.678 Petrópolis
76%
Rio de Janeiro 513.118 Belford Roxo
75%
São Paulo 322.750 Guarujá
75%
São Paulo 407.252 Piracicaba
74%
Espírito Santo 501.325 Vila Velha
74%
Rio de Janeiro 207.044 Angra dos Reis
73%
Minas Gerais 444.784 Betim
73%
São Paulo 426.757 Diadema
73%
São Paulo 368.355 Franca
73%
São Paulo 687.357 Sorocaba
73%
São Paulo 317.915 Taubaté
73%
Rio de Janeiro 273.988 Volta Redonda
72%
Minas Gerais 668.949 Contagem
71%
Rio de Janeiro 261.501 Macaé
71%
São Paulo 464.983 São José do Rio Preto
71%
Minas Gerais 281.046 Governador Valadares
70%
Minas Gerais 116.797 Ubá
70%
São Paulo 450.785 Mogi das Cruzes
69%
São Paulo 308.482 Limeira
68%
Minas Gerais 413.487 Montes Claros
68%
São Paulo 276.982 Barueri
67%
Rio de Janeiro 230.378 Cabo Frio
67%
São Paulo 230.371 Presidente Prudente
67%
Rio de Janeiro 184.240 Teresópolis
67%
Espírito Santo 527.240 Serra
66%
São Paulo 330.845 Praia Grande
64%
São Paulo 477.552 Mauá
63%
São Paulo 170.132 Pindamonhangaba
63%
São Paulo 161.957 São Caetano do Sul
63%
São Paulo 240.590 Marília
62%
São Paulo 276.535 Embu das Artes
61%
São Paulo 170.533 Bragança Paulista
60%
Rio de Janeiro 246.433 Magé
60%
Rio de Janeiro 162.693 Nilópolis
60%
Rio de Janeiro 132.293 Resende
60%
São Paulo 254.484 São Carlos
60%
São Paulo 242.018 Americana
58%
São Paulo 238.339 Araraquara
58%
Minas Gerais 240.408 Divinópolis
58%
Minas Gerais 168.641 Poços de Caldas
58%
São Paulo 198.129 Araçatuba
57%
São Paulo 375.011 Itaquaquecetuba
57%
Rio de Janeiro 191.158 Nova Friburgo
57%
Minas Gerais 338.197 Ribeirão das Neves
57%
São Paulo 368.355 São Vicente
57%
Minas Gerais 265.409 Ipatinga
56%
Minas Gerais 140.937 Teófilo Otoni
56%
Espírito Santo 383.917 Cariacica
55%
Espírito Santo 126.701 Guarapari
55%
São Paulo 151.881 Jaú
55%
Minas Gerais 153.585 Patos de Minas
55%
Minas Gerais 152.549 Pouso Alegre
55%
São Paulo 293.652 Taboão da Serra
55%
Minas Gerais 107.337 Araxá
54%
Espírito Santo 210.589 Cachoeiro de Itapemirim
54%
São Paulo 122.505 Guaratinguetá
54%
Rio de Janeiro 164.504 Maricá
54%
São Paulo 208.008 Rio Claro
54%
Minas Gerais 136.602 Varginha
54%
São Paulo 144.088 Atibaia
53%
São Paulo 123.389 Caraguatatuba
53%
São Paulo 253.608 Cotia
53%
Espírito Santo 176.688 Linhares
53%
São Paulo 300.559 Suzano
53%
São Paulo 135.506 Araras
52%
Minas Gerais 138.204 Barbacena
52%
São Paulo 403.183 Carapicuíba
52%
Rio de Janeiro 472.906 São João de Meriti
52%
São Paulo 156.492 Franco da Rocha
51%
São Paulo 114.352 Ourinhos
51%
São Paulo 177.662 Itapecerica da Serra
50%
São Paulo 235.416 Jacareí
50%
Rio de Janeiro 155.193 Rio das Ostras
49%
Minas Gerais 129.606 Conselheiro Lafaiete
48%
São Paulo 131.626 Cubatão
48%
São Paulo 196.500 Ferraz de Vasconcelos
48%
São Paulo 177.633 Francisco Morato
48%
São Paulo 118.349 Poá
48%
Rio de Janeiro 151.335 Queimados
48%
São Paulo 131.210 Valinhos
48%
São Paulo 148.130 Botucatu
47%
São Paulo 153.033 Mogi Guaçu
47%
São Paulo 234.259 Hortolândia
46%
São Paulo 256.223 Indaiatuba
46%
Rio de Janeiro 242.543 Itaboraí
46%
São Paulo 240.961 Itapevi
46%
Minas Gerais 104.783 Lavras
46%
Espírito Santo 123.400 Colatina
45%
São Paulo 103.102 Itanhaém
45%
São Paulo 104.346 Leme
45%
Rio de Janeiro 176.569 Mesquita
45%
Minas Gerais 109.392 Muriaé
45%
Minas Gerais 115.337 Passos
45%
Minas Gerais 120.904 Itabira
44%
Rio de Janeiro 134.293 Araruama
43%
Rio de Janeiro 184.833 Barra Mansa
43%
Minas Gerais 241.835 Sete Lagoas
43%
São Paulo 123.599 Votorantim
43%
São Paulo 122.833 Barretos
42%
São Paulo 101.937 Mairiporã
42%
São Paulo 286.211 Sumaré
42%
São Paulo 105.087 Assis
41%
Minas Gerais 182.153 Ibirité
41%
Minas Gerais 137.125 Sabará
41%
São Paulo 194.390 Santa Bárbara d'Oeste
40%
Espírito Santo 132.642 São Mateus
40%
São Paulo 122.497 Catanduva
39%
Minas Gerais 110.290 Coronel Fabriciano
39%
Rio de Janeiro 103.800 Itaperuna
39%
São Paulo 124.883 Birigui
38%
São Paulo 165.526 Itapetininga
38%
São Paulo 126.356 Jandira
37%
Rio de Janeiro 105.548 Japeri
37%
Minas Gerais 220.444 Santa Luzia
37%
São Paulo 122.967 Tatuí
37%
Espírito Santo 103.101 Aracruz
36%
São Paulo 102.775 Caieiras
36%
São Paulo 112.003 Paulínia
36%
São Paulo 124.159 Ribeirão Pires
34%
Rio de Janeiro 134.819 Itaguaí
33%
Minas Gerais 117.825 Araguari
30%
São Paulo 122.581 Itatiba
30%
São Paulo 127.142 Sertãozinho
30%
Minas Gerais 129.765 Vespasiano
30%
São Paulo 123.071 Várzea Paulista
28%
São Paulo 119.736 Salto
27%
Minas Gerais 105.255 Ituiutaba
26%
Rio de Janeiro 100.764 Barra do Piraí
24%
São Paulo 142.301 Santana de Parnaíba
24%
Rio de Janeiro 106.488 São Pedro da Aldeia
24%
Minas Gerais 105.520 Nova Serrana
21%
Nenhum quiz correspondente encontrado
Distribuição das Pontuações
Porcentagem de Pessoas com Cada Pontuação
Percentil de Números Respondidos
Sua Pontuação Histórica
Você não jogou esse quiz